000 01336nam a22002657a 4500
005 20170124103022.0
010 _aA-960258
020 _c225.00
035 _aA-960258
037 _bCen Lib/Ret
040 _aDPL
_bHN
082 _a
_bमंटोस
100 _a मंटो सआदत, हसन
_96710
245 _aटोबा टेकसिंह :
_cसआदत हसन मंटो ; अनुवादक वहीदा रहमान
_bमंटो की प्रतिनिधि कहानियां /
246 _aToba Teksingh : manto ki pratinidhi kahaniyan /
_bby Saadat Hasan Manto ; anuvadak Waheeda Rehman
260 _aदिल्ली
_bसर्वोदय साहित्य संस्थान
_c2000
270 _aएल-45, गली नं० 5, शिवाजी मार्ग करतार नगर
_bदिल्ली
_e110053
300 _a198पृ.
_c21सेमी (सजिल्द )
650 _aहिंदी साहित्य
_x
_z
_9104855
650 _aहिंदी साहित्य--लघु कथाएँ
_v
_9104856
650 _aHindi literature
_9104857
650 _aHindi literature--Short Stories
_9104858
700 _aरहमान, वहीदा
_9104859
942 _2ddc
_cHN
_h
_mमंटोस
999 _c115337
_d115337